| 000 | 00557 a2200181 4500 | ||
|---|---|---|---|
| 999 |
_c10308 _d10308 |
||
| 020 | _a9780241408407 | ||
| 050 | _aE185.6DAV 2019 | ||
| 100 |
_aDavis A.Y _d1944- _eauthor |
||
| 245 |
_aWomen, race and class _cAngela Y. Davis / |
||
| 264 |
_aLondon : _bPenguin Books, _c 2019. |
||
| 300 | _a247 pages ; 20 cm. | ||
| 440 | _aPenguin classics. | ||
| 500 | _aIncludes bibliographical references | ||
| 650 |
_aFeminism _xUnited States. |
||
| 650 |
_aAfrican American women _xHistory. |
||
| 650 |
_aRacism _x United States. |
||
| 942 |
_2lcc _cBK _h185.86 _iDAV _kE |
||